000 00388nam a2200169Ia 4500
005 20240823014525.0
008 240823s9999||||xx |||||||||||||| ||und||
041 _aENGLISH
082 _A5.133
100 _a"Gottcfried,Byron"
245 0 _aProgramming with C
260 _b#VALUE!
500 _aLOST
650 _aProgramming
_bComputer Applications
942 _cBK
999 _c170282
_d170282